000 00734cam a2200241 a 4500
001 000009810
005 20200929161720.0
008 760712s1992 sp ab 000 f spa d
020 _a8433909436
040 _aDO-SdBNP
_cICU
_dDLC
082 _a863.64
_bC112aga
100 1 _aCaballero Bonald, José Manuel,
_d1928-
_99887
245 1 0 _aÁgata ojo de gato /
_cJosé Manuel Caballero Bonald.
260 _aBarcelona :
_bAnagrama,
_c1992.
300 _a317 p. :
_bil., map. ;
_c20 cm.
490 1 _aNarrativas hispánicas
_v133
650 4 _aNovela española
_91123
650 4 _aLiteratura española
_9632
830 0 _aNarrativas hispánicas ;
_v133
_921236
910 _aCatalogación derivada /LC
910 _aWM
049 _aBNGR
999 _c9569
_d9569